[Event "TCh-SUI 2011"]
[Site "Lausanne SUI"]
[Date "2011.10.23"]
[Round "9.2"]
[White "Stojanovic,Mih"]
[Black "Renet,O"]
[Result "1/2-1/2"]
[WhiteElo "2572"]
[BlackElo "2499"]

1.Nf3 Nf6 2.c4 e6 3.Nc3 d5 4.d4 Be7 5.Bf4 O-O 6.e3 c5 7.dxc5 Bxc5 8.Rc1 Nc6
9.cxd5 exd5 10.Be2 d4 11.exd4 Bxd4 12.O-O Bxc3 13.Rxc3 Qxd1 14.Rxd1 Be6 15.Bc4  1/2-1/2

[Event "Corsica Masters KO 2011"]
[Site "Bastia FRA"]
[Date "2011.10.29"]
[Round "3.2"]
[White "Cheparinov,I"]
[Black "Mamedyarov,S"]
[Result "0-1"]
[WhiteElo "2650"]
[BlackElo "2746"]

1.d4 Nf6 2.c4 e6 3.Nf3 d5 4.Nc3 Be7 5.Bf4 O-O 6.e3 Nbd7 7.c5 c6 8.b4 b6 9.Bd3 a5
10.a3 Ba6 11.O-O Bxd3 12.Qxd3 Qc8 13.Rfc1 Qb7 14.Qc2 axb4 15.axb4 b5 16.Rxa8 Rxa8
17.Rb1 Bd8 18.Ne1 Bc7 19.Nd3 Nh5 20.f3 Qb8 21.Bxc7 Qxc7 22.e4 Nf4 23.Nc1 Ng6
24.Nb3 Ne7 25.Na5 dxe4 26.fxe4 Rd8 27.e5 Nb8 28.Qe4 Na6 29.Nb3 Nxb4 30.Ra1 Nbd5
31.Ne2 b4 32.Qd3 Qb7 33.Qa6 Qxa6 34.Rxa6 f6 35.exf6 gxf6 36.Ng3 f5 37.Nf1 Nc3
38.Ra7 Kf8 39.Kf2 Nb5 40.Ra4 Nxd4 41.Rxb4 Nxb3 42.Rxb3 Rd5 43.Rc3 e5 44.Ne3 Rd2+
45.Ke1 Rd4 46.Ra3 Re4 47.Kf2 Rf4+ 48.Ke2 Re4 49.Kf3 Rf4+ 50.Ke2 Re4 51.Kd2 Rd4+
52.Ke2 Re4 53.Kf2 Rf4+ 54.Kg1 Re4 55.g3 h5 56.Kf2 f4 57.gxf4 exf4 58.Ng2 Rc4
59.Kf3 Nd5  0-1

[Event "38th ch-IND w 2011"]
[Site "Chennai IND"]
[Date "2011.10.29"]
[Round "1"]
[White "Sachdev,T"]
[Black "Thipsay,B"]
[Result "1-0"]
[WhiteElo "2419"]
[BlackElo "2108"]

1.d4 d5 2.c4 e6 3.Nf3 Be7 4.Nc3 Nf6 5.Bf4 O-O 6.e3 c5 7.dxc5 Bxc5 8.Qc2 Nc6
9.a3 Qa5 10.O-O-O Be7 11.Nd2 Bd7 12.Nb3 Qb6 13.g4 Rac8 14.g5 Ne8 15.cxd5 Na5
16.Nxa5 Qxa5 17.d6 Bxg5 18.Bxg5 Qxg5 19.Bd3 h6 20.Be4 b5 21.Kb1 a5 22.Bb7 Rb8
23.Ne4 Qd8 24.Nc5 Nf6 25.b4 axb4 26.axb4 Qb6 27.Bf3 Rfd8 28.Rhg1 e5 29.Qb2 Re8
30.Bh1 Kf8 31.f4 exf4 32.Qxf6  1-0

[Event "6th Deizisau Herbstopen"]
[Site "Deizisau GER"]
[Date "2011.10.29"]
[Round "2.7"]
[White "Gheng,J"]
[Black "Scholl,Mart"]
[Result "1-0"]
[WhiteElo "2346"]
[BlackElo "2061"]

1.c4 e6 2.Nf3 d5 3.d4 Nf6 4.Nc3 Be7 5.Bf4 O-O 6.e3 Nbd7 7.Rc1 dxc4 8.Bxc4 a6
9.Ne5 Nxe5 10.Bxe5 b5 11.Qf3 Rb8 12.Bd3 Bb7 13.Qh3 g6 14.O-O Rc8 15.Rfd1 Nd7
16.Be4 Bxe4 17.Nxe4 f5 18.Nc3 Nxe5 19.dxe5 Qe8 20.Qf3 b4 21.Ne2 Qb5 22.Nd4 Qxe5
23.Qe2 Bd6 24.g3 c5 25.Nf3 Qf6 26.Nd4 Ra8 27.Qc4 Rac8 28.Qe2 Qe5 29.Nxe6  1-0

[Event "Banicky kahanec 2011"]
[Site "Zajezova SVK"]
[Date "2011.10.30"]
[Round "8"]
[White "Bulski,K"]
[Black "Straka,Jos"]
[Result "1-0"]
[WhiteElo "2507"]
[BlackElo "2299"]

1.d4 Nf6 2.c4 e6 3.Nf3 d5 4.Nc3 Be7 5.Bf4 O-O 6.e3 c5 7.dxc5 Bxc5 8.a3 Nc6
9.b4 Bd6 10.Bxd6 Qxd6 11.cxd5 exd5 12.Nb5 Qe7 13.Nbd4 Bg4 14.Be2 Ne4 15.Rc1 a5
16.h3 Be6 17.Bb5 Nxd4 18.Qxd4 Nd6 19.Bd3 Nc4 20.O-O Nxa3 21.bxa5 Rxa5 22.Qb6 Ra4
23.Rc7 Qf6 24.Rxb7 Nc4 25.Bxc4 dxc4 26.Nd4 Bd5 27.Qxf6 gxf6 28.Rd7 Be4 29.Rc1 Rfa8
30.Ne2 Bd3 31.Nf4 Ra1 32.Rxa1 Rxa1+ 33.Kh2 Bg6 34.Rc7 Rc1 35.Kg3 Rc2 36.h4 Kg7
37.h5 Bf5 38.Kf3 Bd3 39.Ne6+ Kh6 40.Rxf7 f5 41.Nf4 Be4+ 42.Kg3 Rc1 43.f3 Bb1
44.Ne6 Kxh5 45.Rf6  1-0

[Event "Corsica Masters KO 2011"]
[Site "Ajaccio FRA"]
[Date "2011.10.31"]
[Round "4.2"]
[White "Mamedyarov,S"]
[Black "Anand,V"]
[Result "0-1"]
[WhiteElo "2746"]
[BlackElo "2817"]

1.d4 Nf6 2.c4 e6 3.Nf3 d5 4.Nc3 Be7 5.Bf4 O-O 6.e3 Nbd7 7.g4 dxc4 8.Bxc4 c5
9.g5 Nh5 10.Be5 a6 11.Bd3 g6 12.h4 Nxe5 13.dxe5 b5 14.Nh2 Ra7 15.Qe2 c4 16.Bc2 Qa5
17.O-O b4 18.Ne4 Qxe5 19.Ng4 Qc7 20.Rad1 a5 21.Rd4 Ba6 22.Rfd1 c3 23.Bd3 Bxd3
24.R4xd3 Qc4 25.Nef6+ Bxf6 26.gxf6 Qc5 27.bxc3 bxc3 28.Rd8 h6 29.Rxf8+ Qxf8
30.Qc4 Qb4 31.Qc8+ Kh7 32.f3 Qb7 33.Qf8 Ra8 34.Qxh6+ Kg8 35.Ne5 Nxf6 36.Qf4 Nd5
37.Qd4 Qb2 38.Nd3 Qe2 39.Re1 Qxf3 40.h5  0-1

[Event "Venetian Autumn Masters 2011"]
[Site "Venice ITA"]
[Date "2011.10.31"]
[Round "2.5"]
[White "Bianchi,An"]
[Black "Gromovs,S"]
[Result "1/2-1/2"]
[WhiteElo "2142"]
[BlackElo "2297"]

1.d4 d5 2.c4 e6 3.Nc3 Be7 4.Nf3 Nf6 5.Bf4 O-O 6.e3 c5 7.dxc5 Bxc5 8.Qc2 Nc6
9.a3 Qa5 10.O-O-O Be7 11.g4 dxc4 12.Bxc4 e5 13.g5 exf4 14.gxf6 Bxf6 15.Nd5 Rd8
16.Rhg1 Kh8 17.Rg5 Bxg5 18.Nxg5 g6 19.Nxf7+ Kg7 20.Nxd8 Nxd8 21.Nxf4 Bf5
22.Qc3+ Qxc3+ 23.bxc3 Rc8 24.Kb2 Rxc4 25.Rxd8 h5 26.Kb3 Rc6 27.f3 Kf7 28.e4 Be6+
29.Nxe6 Kxe6 30.Rd5 Rb6+ 31.Kc4 Rb2 32.Rg5 Kf6 33.Rb5 Rxh2 34.Rxb7 Rf2 35.Kd5 Rd2+
36.Kc4 Rf2 37.Rb8 h4 38.Kd4 h3 39.e5+ Ke6 40.Re8+ Kf7 41.Ra8 Rxf3 42.Rxa7+ Ke6
43.Ra6+ Kf7 44.Ra7+ Ke6 45.Rg7 Rf4+ 46.Ke3 Rh4 47.Rxg6+ Kxe5 48.Rg5+ Kd6
49.Rg1 h2 50.Rh1 Kc5 51.Kd2 Kc4 52.Kc2 Rh8 53.a4 Rh4 54.a5 Kb5 55.a6 Kxa6
56.Kd3 Kb5 57.c4+ Kc5 58.Ke3 Kxc4  1/2-1/2

[Event "15th OIBM"]
[Site "Bad Wiessee GER"]
[Date "2011.11.04"]
[Round "7.41"]
[White "Thiel,K"]
[Black "Stockmann,M"]
[Result "0-1"]
[WhiteElo "2194"]
[BlackElo "2284"]

1.Nf3 d5 2.d4 Nf6 3.c4 e6 4.Nc3 Be7 5.Bf4 O-O 6.e3 c5 7.dxc5 Bxc5 8.Qc2 Nc6
9.a3 Qa5 10.Nd2 Be7 11.Nb3 Qb6 12.Be2 e5 13.Bg5 Bf5 14.Qxf5 Qxb3 15.Bxf6 Qxb2
16.O-O Bxf6 17.cxd5 Ne7 18.Qd3 Rac8 19.Ne4 Nxd5 20.Qxd5 Qxe2 21.Qxb7 a6 22.Nxf6+ gxf6
23.Qe4 Qc2 24.Qh4 Rc6 25.e4 Rd8 26.Rae1 Rd3 27.Re3 Rxe3 28.fxe3 Qe2 29.Qg3+ Kf8
30.h3 Qd3 31.Kh2 Qxe4 32.Rd1 Qg6 33.Qf3 e4 34.Qf4 Rc2 35.Rg1 Kg7 36.Kh1 Ra2
37.Qd6 a5 38.Qc5 Qg5 39.Qc4 Rxa3 40.Qxe4 Rxe3 41.Qc4 h5 42.Rf1 Qe5 43.Qc2 Re1
44.Rxe1 Qxe1+ 45.Kh2 Qe5+ 46.Kg1 Qa1+ 47.Kh2 a4 48.Qd3 a3 49.Qg3+ Kh8 50.Qb8+ Kh7
51.Qb3 Qe5+ 52.Kh1 Qe1+ 53.Kh2 Qe7 54.Kg1 Qa7+ 55.Kh2 a2 56.Qd3+ Kh8  0-1

[Event "18th European Teams w"]
[Site "Porto Carras GRE"]
[Date "2011.11.05"]
[Round "3.1.3"]
[White "Gunina,V"]
[Black "Bulmaga,I"]
[Result "1-0"]
[WhiteElo "2514"]
[BlackElo "2334"]

1.d4 Nf6 2.Nf3 e6 3.c4 d5 4.Nc3 Be7 5.Bf4 O-O 6.e3 c6 7.a3 Nbd7 8.Rc1 Nh5
9.Be5 Nhf6 10.Bg3 h6 11.Nd2 c5 12.Be2 cxd4 13.exd4 dxc4 14.Nxc4 Nb6 15.O-O Bd7
16.Ne5 Nfd5 17.Nxd5 Nxd5 18.Qb3 Bc8 19.Bf3 a5 20.Rfe1 a4 21.Qd3 Ra5 22.Bd1 Bg5
23.Bc2 f5 24.Rcd1 Bd7 25.h4 Bf6 26.Ng6 Re8 27.h5 Bb5 28.Qf3 Bc6 29.Qe2 Bb5
30.Bd3 Bxd3 31.Qxd3 Qd7 32.Re2 Ne7 33.Be5 Nxg6 34.hxg6 Rd5 35.Rde1 Bxe5 36.Rxe5 Rxe5
37.Rxe5 Rd8 38.Qc4 Re8 39.Rxf5 Rf8 40.Rc5 Qe8 41.Qc2 Qd7 42.Qe4 Rf6 43.Ra5 Qe8
44.d5 e5 45.Ra7 Rf4 46.Qc2 Rd4 47.Qf5 Rxd5 48.Qe6+  1-0

[Event "Hampshire Open"]
[Site "Eastleigh ENG"]
[Date "2011.11.06"]
[Round "5"]
[White "Williams,Pe"]
[Black "Corkett,A"]
[Result "1-0"]
[WhiteElo "2239"]
[BlackElo "2306"]

1.d4 Nf6 2.c4 e6 3.Nc3 d5 4.Nf3 Be7 5.Bf4 O-O 6.e3 a6 7.c5 c6 8.Bd3 b6 9.b4 a5
10.a3 Ba6 11.O-O Bxd3 12.Qxd3 Nfd7 13.Rfb1 f6 14.Bg3 Re8 15.e4 axb4 16.axb4 Rxa1
17.Rxa1 bxc5 18.bxc5 Bf8 19.Ra8 Qe7 20.exd5 exd5 21.Qb1 Nxc5 22.Rxb8 Rxb8
23.Bxb8 Ne4 24.Nxe4 dxe4 25.Nd2 f5 26.Nc4 Qe6 27.Ne5 h6 28.Qc2 Kh7 29.Qc4 Qc8
30.Nxc6 Qb7 31.h3  1-0

[Event "18th European Teams w"]
[Site "Porto Carras GRE"]
[Date "2011.11.07"]
[Round "5.1.3"]
[White "Paikidze,N"]
[Black "Kosteniuk,A"]
[Result "0-1"]
[WhiteElo "2422"]
[BlackElo "2439"]

1.d4 Nf6 2.c4 e6 3.Nf3 d5 4.Nc3 Be7 5.Bf4 O-O 6.e3 Nbd7 7.a3 c5 8.cxd5 Nxd5
9.Nxd5 exd5 10.dxc5 Nxc5 11.Be5 Qb6 12.Be2 Nb3 13.Rb1 Bf5 14.Bd3 Be4 15.O-O Qg6
16.Bg3 Nc5 17.Bxe4 dxe4 18.Ne5 Qe6 19.Qe2 f6 20.b4 Na4 21.Qc4 Qxc4 22.Nxc4 Rac8
23.Rbc1 Rfd8 24.Na5 Nc3 25.Kh1 b6 26.Nb7 Rd3 27.Rfe1 Kf7 28.f3 Ke6 29.fxe4 Rc4
30.Rf1 Rxe4 31.Rc2 Rexe3 32.Bf2 Re4 33.Rfc1 Nd1 34.Kg1 Nxf2 35.Kxf2 Rxa3
36.b5 Re5 37.Rc7 Kf5 38.h3 h5 39.Rd1 Ra2+ 40.Kf3 h4 41.Nd6+ Bxd6 42.Rxd6 Rxb5
43.Rd3 g5 44.g4+ hxg3 45.Kxg3 Rbb2  0-1

[Event "FSIM November"]
[Site "Budapest HUN"]
[Date "2011.11.08"]
[Round "4"]
[White "Csonka,B"]
[Black "Lengyel,B"]
[Result "1-0"]
[WhiteElo "2303"]
[BlackElo "2258"]

1.d4 d5 2.c4 e6 3.Nc3 Nf6 4.Nf3 Be7 5.Bf4 O-O 6.e3 c5 7.dxc5 Bxc5 8.a3 Nc6
9.Qc2 Qa5 10.Rd1 Be7 11.Be2 dxc4 12.Bxc4 e5 13.Bg3 Bg4 14.O-O Bxf3 15.gxf3 Rad8
16.Qb3 Qc7 17.Nd5 Nxd5 18.Bxd5 Bf6 19.Be4 g6 20.Kg2 Kg7 21.h3 Rfe8 22.Qa4 Qb6
23.b4 h5 24.Rxd8 Rxd8 25.Rd1 Rxd1 26.Qxd1 Qc7 27.Qd5 a6 28.b5 axb5 29.Qxb5 Qe7
30.a4 Nd8 31.a5 h4 32.Bh2 Kh6 33.Qb6 Kh7 34.Bd5 Bg7 35.f4 e4 36.Qb1 f5 37.Qb5 Bf6
38.Qb6 Kg7 39.Qb5 Kf8 40.Bxb7 Nxb7 41.a6 Nd6 42.Qb8+  1-0

[Event "FSIM November"]
[Site "Budapest HUN"]
[Date "2011.11.08"]
[Round "4"]
[White "Citak,S"]
[Black "Holm,S"]
[Result "1-0"]
[WhiteElo "2363"]
[BlackElo "2222"]

1.d4 d5 2.c4 e6 3.Nc3 Nf6 4.Nf3 Be7 5.Bf4 O-O 6.e3 Nc6 7.Rc1 Nh5 8.Bg3 Nxg3
9.hxg3 dxc4 10.Bxc4 g6 11.e4 b6 12.Qd2 f6 13.a3 Qe8 14.d5 Nd8 15.Kf1 Rb8
16.e5 b5 17.Ba2 b4 18.axb4 Bxb4 19.Qh6 Qe7 20.exf6 Rxf6 21.Ne4 Rf7 22.Neg5 Rg7
23.Kg1 Bd6 24.dxe6 Rxb2 25.Qxg7+ Kxg7 26.Rxh7+ Kf8 27.Rh8+ Kg7 28.Rh7+ Kf8
29.Rxe7 Kxe7 30.Bd5 Rb5 31.Bc4 Rc5 32.Ne4 Ra5 33.Nxd6 cxd6 34.Bd3 Bxe6 35.Bxg6 Rc5
36.Ra1 a5 37.Nd4 Bc4 38.f4 Kf6 39.Bh7 Rd5 40.Nf3 Ne6 41.Bg8 Rc5 42.Nd2 d5
43.Nf3 Nd8 44.Bh7 Nc6 45.g4 Bb3 46.g5+ Kg7 47.Bf5 a4 48.Bd7 Nb4 49.Nd4 Rc4
50.Ne6+ Kf7 51.f5 Nc2 52.Rc1 Ne3 53.Rxc4 dxc4 54.g6+  1-0

[Event "18th European Teams w"]
[Site "Porto Carras GRE"]
[Date "2011.11.08"]
[Round "6.6.2"]
[White "Mkrtchian,L"]
[Black "Botsari,A"]
[Result "1-0"]
[WhiteElo "2469"]
[BlackElo "2313"]

1.Nf3 Nf6 2.c4 e6 3.Nc3 d5 4.d4 Be7 5.Bf4 O-O 6.e3 c5 7.dxc5 Qa5 8.a3 dxc4
9.Bxc4 Qxc5 10.Qe2 a6 11.O-O b5 12.Ba2 Bb7 13.Rac1 Qh5 14.e4 Nbd7 15.e5 Bxf3
16.gxf3 Qg6+ 17.Bg3 Nh5 18.Bb1 Nxg3 19.hxg3 Qh5 20.Rce1 Qh3 21.f4 Rfd8 22.Rd1 Nf8
23.Be4 Rab8 24.Bf3 Rxd1 25.Nxd1 b4 26.a4 Rd8 27.Ne3 f5 28.Bg2 Qh6 29.Qxa6 Rd2
30.Qc4 Kh8 31.a5 g5 32.a6 gxf4 33.gxf4 Rd7 34.Ra1 Ra7 35.Qd4 Rd7 36.Qc4 Ra7
37.Qd4 Rd7 38.Qb6 Qxf4 39.a7 Rd2 40.Nf1  1-0

[Event "18th European Teams w"]
[Site "Porto Carras GRE"]
[Date "2011.11.09"]
[Round "7.4.2"]
[White "Chelushkina,I"]
[Black "Maisuradze,N"]
[Result "0-1"]
[WhiteElo "2276"]
[BlackElo "2315"]

1.d4 Nf6 2.c4 e6 3.Nc3 d5 4.Nf3 Be7 5.Bf4 O-O 6.e3 Nbd7 7.Qc2 c5 8.cxd5 cxd4
9.exd4 Nxd5 10.Nxd5 exd5 11.Bd3 Bb4+ 12.Kf1 Nf6 13.a3 Bd6 14.Bg5 h6 15.h4 Re8
16.Ne5 hxg5 17.hxg5 Bxe5 18.Bh7+ Nxh7 19.Qxh7+ Kf8 20.Re1 Qxg5 21.Rh5 Qg4
22.Rhxe5 Be6 23.f3 Qg3 24.Rc1 Qg6 25.Qh4 Qh6 26.Qxh6 gxh6 27.Rc7 Re7 28.Rc3 f5
29.f4 Kf7 30.Kf2 Rg8 31.Rh3 Rg6 32.Rc3 Rg4 33.g3 h5 34.Re1 h4 35.gxh4 Rxf4+  0-1

[Event "Zakopane Open"]
[Site "Zakopane POL"]
[Date "2011.11.09"]
[Round "5"]
[White "Malaniuk,V"]
[Black "Sabuk,P"]
[Result "1-0"]
[WhiteElo "2504"]
[BlackElo "2176"]

1.d4 d5 2.c4 e6 3.Nf3 Nf6 4.Nc3 Be7 5.Bf4 O-O 6.e3 b6 7.Bd3 dxc4 8.Bxc4 Bb7
9.O-O a6 10.Qe2 b5 11.Bb3 c5 12.dxc5 Bxc5 13.Rfd1 Qb6 14.a4 Ne4 15.Nxe4 Bxe4
16.Ng5 Bb7 17.a5 Qc6 18.f3 Be7 19.Rac1 Qe8 20.Rc7 Bc6 21.Qc2 Bxg5 22.Bxg5 f6
23.Rd6 Bd5 24.Bxf6  1-0

[Event "4NCL 2011-12"]
[Site "Staverton Park ENG"]
[Date "2011.11.12"]
[Round "1.16.1"]
[White "Pert,R"]
[Black "Zakarian,D"]
[Result "1-0"]
[WhiteElo "2455"]
[BlackElo "2379"]

1.d4 d5 2.c4 e6 3.Nc3 Be7 4.Nf3 Nf6 5.Bf4 O-O 6.e3 c5 7.dxc5 Bxc5 8.Qc2 Qa5
9.Be2 Nc6 10.O-O dxc4 11.Bxc4 a6 12.a3 Be7 13.b4 Qh5 14.Be2 Qf5 15.Bd3 Qh5
16.Ne2 e5 17.Ng3 Qg4 18.Nxe5 Nxe5 19.Bxe5 g6 20.Rad1 Be6 21.Be2 Qh4 22.Rd4 Qh6
23.Qc7 Nd5 24.Rxd5 Bxd5 25.Qxe7 f6 26.Bxf6 Rae8 27.Qc5 Rxf6 28.Qxd5+ Kh8
29.Ne4 Rf5 30.Qd4+  1-0

[Event "TCh-CZE Liga 1 Zapad"]
[Site "Czech Rep CZE"]
[Date "2011.11.13"]
[Round "3.7"]
[White "Forman,S"]
[Black "Pesout,J"]
[Result "1-0"]
[WhiteElo "2331"]
[BlackElo "2249"]

1.d4 Nf6 2.c4 e6 3.Nc3 d5 4.Nf3 Be7 5.Bf4 c6 6.e3 Ne4 7.cxd5 Nxc3 8.bxc3 exd5
9.Bd3 Nd7 10.Qc2 Nf6 11.h3 O-O 12.O-O g6 13.Ne5 Nh5 14.Bh6 Ng7 15.f4 f6 16.Bxg6 f5
17.Bxg7 Kxg7 18.Bh5 Be6 19.Rab1 Qc7 20.g4 Bd6 21.Qf2 Rab8 22.Qh4 Qe7 23.g5 Kg8
24.Bd1 Qg7 25.Kh2 Kh8 26.Bc2 c5 27.Rg1 Rfc8 28.g6 Bxe5 29.dxe5 Rf8 30.Rg5  1-0

[Event "5th Mediterranean Open"]
[Site "Rijeka CRO"]
[Date "2011.11.13"]
[Round "3.15"]
[White "Loncar,R"]
[Black "Kukina,M"]
[Result "1-0"]
[WhiteElo "2415"]
[BlackElo "2061"]

1.d4 d5 2.c4 e6 3.Nf3 Nf6 4.Nc3 Be7 5.Bf4 c6 6.e3 O-O 7.c5 Nbd7 8.Bd3 h6
9.h3 Nh7 10.Qc2 Ng5 11.Ne5 Nxe5 12.Bxe5 f6 13.Bg3 Nf7 14.O-O e5 15.Bh7+ Kh8
16.Bg6 e4 17.Ne2 Kg8 18.Nf4 Nh8 19.f3 f5 20.fxe4 fxe4 21.Bh5 Bf5 22.b4 Bh4
23.Qf2 Bxg3 24.Qxg3 Qg5 25.Kh2 Qxg3+ 26.Kxg3 g5 27.Ne2 Rf6 28.b5 Raf8 29.bxc6 bxc6
30.Rab1 Bc8 31.Rxf6 Rxf6 32.Rb8 Rf8 33.Ra8 Ba6 34.Rxa7 Bc4 35.a4 Rf1 36.Rc7 Re1
37.Kf2 Ra1 38.Ng3 Ra2+ 39.Kg1 Rxa4 40.Nf5 Ra1+ 41.Kh2 Rf1 42.Nxh6+ Kf8 43.Rxc6 Re1
44.Rc8+ Kg7 45.Nf5+  1-0

[Event "FSIM November"]
[Site "Budapest HUN"]
[Date "2011.11.14"]
[Round "10"]
[White "Csonka,B"]
[Black "Szeberenyi,A"]
[Result "1/2-1/2"]
[WhiteElo "2303"]
[BlackElo "2324"]

1.d4 Nf6 2.c4 e6 3.Nc3 d5 4.Nf3 Be7 5.Bf4 O-O 6.e3 c5 7.dxc5 Bxc5 8.Qc2 Nc6
9.a3 Qa5 10.Rd1 Ne4 11.cxd5 Nxc3 12.bxc3 exd5 13.Rxd5 Qxa3 14.Ng5 g6 15.Bc4 b5
16.Bxb5 Nb4 17.cxb4 Qxb4+ 18.Kd1 Bg4+ 19.f3 Rac8 20.Ba6 Bxe3 21.Bxc8 Rxc8
22.Qxc8+ Bxc8 23.Rd8+ Kg7 24.Bxe3 Qb1+ 25.Bc1 Qb3+ 26.Ke1 Qc2 27.Be3 Ba6
28.Bd4+ f6 29.Rd7+ Kg8 30.Rd8+  1/2-1/2

[Event "6th Tal Memorial"]
[Site "Moscow RUS"]
[Date "2011.11.16"]
[Round "1"]
[White "Nakamura,Hi"]
[Black "Gelfand,B"]
[Result "1/2-1/2"]
[WhiteElo "2758"]
[BlackElo "2744"]

1.d4 Nf6 2.c4 e6 3.Nf3 d5 4.Nc3 Be7 5.Bf4 O-O 6.e3 Nbd7 7.c5 Nh5 8.Be2 Nxf4
9.exf4 c6 10.O-O b6 11.b4 a5 12.a3 Qc7 13.g3 Ba6 14.Re1 Bf6 15.Ne5 Bxe5 16.fxe5 Qb7
17.Bxa6 Rxa6 18.Qe2 axb4 19.axb4 Rfa8 20.Rab1 Ra3 21.Rec1 bxc5 22.bxc5 Qa7
23.Kg2 h6 24.h4 Rb8 25.Rxb8+ Qxb8 26.Rb1 Qa7 27.Qc2 Qa6 28.Ne2 Ra2 29.Rb2 Ra1
30.h5 Qa5 31.Qd2 Qa6 32.Qc2 Qa5 33.Qd2 Qa6 34.Qc2  1/2-1/2

[Event "Russian Cup Final KO"]
[Site "Magnitogorsk RUS"]
[Date "2011.11.17"]
[Round "3.1"]
[White "Kovalenko,I"]
[Black "Zvjaginsev,V"]
[Result "1/2-1/2"]
[WhiteElo "2584"]
[BlackElo "2680"]

1.d4 d5 2.c4 e6 3.Nc3 Be7 4.Nf3 Nf6 5.Bf4 O-O 6.e3 Nbd7 7.Qc2 c5 8.Rd1 Qa5
9.Nd2 cxd4 10.exd4 Nh5 11.Be3 Ndf6 12.Be2 g6 13.O-O Ng7 14.Bf4 dxc4 15.Nxc4 Qf5
16.Qc1 Nd5 17.Be5 Qg5 18.f4 Qh6 19.Rd3 b5 20.Ne3 Nxe3 21.Rxe3 f6 22.Bc7 Nf5
23.Rh3 Qg7 24.Bf3 Ba6 25.Bxa8 Rxa8 26.Ne2 Bb7 27.Ba5 Bd6 28.Qd2 Re8 29.Bb4 Bb8
30.Nc3 Qd7 31.Rd3 Bc7 32.a3 Nxd4 33.Bc5 e5 34.fxe5 fxe5 35.Qh6 Bd6 36.Bxd6 Qxd6
37.Rh3 Qe7 38.Rg3 Qg7 39.Qxg7+ Kxg7 40.Re3 Nf5 41.Re2 Nd4 42.Rd2 Re7 43.Re1 Kf6
44.Rf2+ Kg7 45.Rf4 e4 46.Nd1 Nc2 47.Re2 Nd4 48.Re1 Nc2 49.Re2 Nd4 50.Rd2 Nf5
51.Nc3 a6 52.Kf1 h5 53.g3 Ne3+ 54.Ke2 Nc4 55.Rc2 Nd6 56.Rd2 Nc4 57.Rc2 Nd6
58.Nd1 g5 59.Rf1 e3 60.Rc3 Bd5 61.b3 Ne4 62.Rxe3 Bxb3 63.Rxb3 Nxg3+ 64.Kf2 Nxf1
65.Kxf1 Rc7 66.Ne3 Rc1+ 67.Kf2 Ra1 68.Rc3 a5 69.Rb3 Kg6 70.Kf3 Ra2 71.Kg3 a4
72.Rc3 Rb2 73.Rc6+ Kf7 74.Nc2 Rb3+ 75.Kf2 g4 76.Rc5 h4 77.Nd4  1/2-1/2

[Event "5th Mediterranean Open"]
[Site "Rijeka CRO"]
[Date "2011.11.17"]
[Round "7.1"]
[White "Kozul,Z"]
[Black "Kuljasevic,D"]
[Result "1-0"]
[WhiteElo "2577"]
[BlackElo "2560"]

1.d4 d5 2.c4 e6 3.Nf3 Nf6 4.Nc3 Be7 5.Bf4 O-O 6.e3 b6 7.cxd5 Nxd5 8.Nxd5 Qxd5
9.Be2 Bb4+ 10.Nd2 Qxg2 11.Bf3 Bxd2+ 12.Kxd2 Qxf2+ 13.Kc3 c6 14.h4  1-0

[Event "WYCC U18 Open"]
[Site "Caldas Novas BRA"]
[Date "2011.11.20"]
[Round "3"]
[White "Di Nicolantonio,L"]
[Black "Benitez Lozano,J"]
[Result "0-1"]
[WhiteElo "2321"]
[BlackElo "2068"]

1.d4 Nf6 2.c4 e6 3.Nf3 d5 4.Nc3 Be7 5.Bf4 a6 6.e3 O-O 7.c5 Nh5 8.Bd3 Nc6
9.O-O Nxf4 10.exf4 b6 11.cxb6 cxb6 12.Rc1 Bd7 13.Bb1 g6 14.Ne5 Nxe5 15.fxe5 b5
16.Qg4 b4 17.Nd1 Bb5 18.Re1 Rc8 19.Ne3 Qd7 20.h4 Rxc1 21.Rxc1 Rc8 22.Re1 Bd8
23.h5 Rc7 24.f4 Qe7 25.g3 Kf8 26.Qh3 Ke8 27.Ng4 Qf8 28.hxg6 hxg6 29.Qh7 Ba4
30.b3 Bb5 31.Nh6 a5 32.Kg2 Re7 33.Rc1 Kd7 34.Ng4 Bb6 35.Nf6+ Kd8 36.Qh3 Rc7
37.Rd1 Rc3 38.Bxg6 Qg7 39.Bb1 Re3 40.Rd2 Re1 41.Qh7 Qxh7 42.Bxh7 a4 43.bxa4 Re2+
44.Rxe2 Bxe2 45.Bc2 Bxd4 46.Bb3 Be3 47.a5 d4 48.f5 d3 49.fxe6 fxe6 50.Bc4 Bd4
51.a6 Kc7 52.Ne8+ Kb8 53.Ng7 Bxe5 54.Nxe6 Bg4 55.Nd8 d2 56.Bb3 Bc3 57.Nc6+ Ka8
58.Kf2 d1=Q 59.Bxd1 Bxd1 60.Ke3 Bc2 61.Kf4 Bb1 62.g4 Bxa2 63.Nxb4 Bxb4 64.Kf5 Bg8
65.Kf6 Bf8 66.g5 Ka7 67.g6 Kxa6 68.g7 Ba3 69.Ke5 Kb6 70.Kd4 Bb2+ 71.Ke4 Kc5
72.Ke3 Bxg7 73.Ke4 Bh7+ 74.Kf4 Kd4 75.Kf3 Be4+ 76.Kf4 Be5+ 77.Kg4 Ke3 78.Kg5 Kf3
79.Kh5 Bf6 80.Kh6 Kf4 81.Kh5 Kf5 82.Kh6 Ke6 83.Kh5 Bf3+ 84.Kh6 Kf7 85.Kh7 Bg5  0-1

[Event "6th Tal Memorial"]
[Site "Moscow RUS"]
[Date "2011.11.20"]
[Round "5"]
[White "Anand,V"]
[Black "Kramnik,V"]
[Result "1/2-1/2"]
[WhiteElo "2811"]
[BlackElo "2800"]

1.d4 Nf6 2.c4 e6 3.Nf3 d5 4.Nc3 Be7 5.Bf4 O-O 6.Rc1 c5 7.dxc5 Qa5 8.e3 Rd8
9.Bd6 dxc4 10.Bxc4 Ne4 11.O-O Nxd6 12.cxd6 Bxd6 13.Qb3 Nc6 14.Rfd1 Be7 15.Be2 h6
16.Nd2 Qb4 17.Qc2 Bd7 18.Nc4 Bf8 19.a3 Qe7 20.Nd6 Be8 21.Nxe8 Rxd1+ 22.Rxd1 Rxe8
23.Qb3 Rd8 24.Rxd8 Nxd8 25.Bf3 g6 26.Qa4 a6 27.g3 Bg7 28.Qc4 Qd7 29.Kg2 Be5
30.b4 Qc7 31.Qxc7 Bxc7 32.b5 axb5 33.Nxb5 Bb6 34.Nd6 Bc5 35.Nxb7 Nxb7 36.Bxb7 Bxa3  1/2-1/2

[Event "6th Tal Memorial"]
[Site "Moscow RUS"]
[Date "2011.11.22"]
[Round "6"]
[White "Aronian,L"]
[Black "Gelfand,B"]
[Result "1/2-1/2"]
[WhiteElo "2802"]
[BlackElo "2744"]

1.d4 Nf6 2.c4 e6 3.Nf3 d5 4.Nc3 Be7 5.Bf4 O-O 6.e3 Nbd7 7.Be2 dxc4 8.O-O c5
9.dxc5 Nxc5 10.Bxc4 a6 11.Ne5 Ncd7 12.Be2 Nxe5 13.Bxe5 Qa5 14.Bg3 b5 15.Bf3 Ra7
16.Ne2 Bb7 17.Bxb7 Rxb7 18.Nd4 Rd7 19.Qc2 Bd6 20.Nc6 Qb6 21.Bxd6 Rxd6 22.Rac1 Kh8
23.Rfd1 Rxd1+ 24.Qxd1 h6 25.g3 Qc7 26.Rc2 Rc8 27.Qd3 Ng4 28.Rc3 Qb7 29.Qd6 Qa8
30.e4 Nf6 31.f3 a5 32.Qc5 b4 33.Rc4 Qa6 34.b3 Kh7 35.Qd6 a4 36.Rc2 axb3 37.axb3 Qa1+
38.Kg2 Qb1 39.Qd2 Qxb3 40.Nxb4 Rb8  1/2-1/2

[Event "6th Tal Memorial"]
[Site "Moscow RUS"]
[Date "2011.11.23"]
[Round "7"]
[White "Gelfand,B"]
[Black "Kramnik,V"]
[Result "1/2-1/2"]
[WhiteElo "2744"]
[BlackElo "2800"]

1.d4 Nf6 2.c4 e6 3.Nf3 d5 4.Nc3 Be7 5.Bf4 O-O 6.e3 Nbd7 7.Be2 dxc4 8.O-O c5
9.dxc5 Nxc5 10.Bxc4 Qxd1 11.Rfxd1 b6 12.Nd4 Bb7 13.Rac1 a6 14.b4 Nce4 15.Nxe4 Bxe4
16.a3 Rfc8 17.f3 Bb7 18.e4 a5 19.Nxe6 axb4 20.axb4 b5 21.Nc7 bxc4 22.Nxa8 Bxa8
23.Bd6 Kf8 24.Bxe7+ Kxe7 25.Rd4 c3 26.Rd3 c2 27.Rd2 Nxe4 28.Rdxc2 Rxc2 29.Rxc2 Nd6
30.Kf2 Kd7 31.Ke3 Nb5 32.Rc5 Bc6 33.Kd3 f6 34.Rh5 h6 35.Kc4 Nc7 36.Ra5 Kd6
37.Kd4 g5 38.Ra1 f5 39.h4 f4 40.hxg5 hxg5 41.Rh1 g4 42.fxg4 Bxg2 43.Rh6+ Ne6+
44.Kd3 Bf3 45.Rf6 Bxg4 46.Ke4 f3 47.Ke3 Ke5 48.Rxf3 Bxf3  1/2-1/2

[Event "Vilnius Open 2011"]
[Site "Vilnius LTU"]
[Date "2011.11.23"]
[Round "5"]
[White "Kuciel,W"]
[Black "Rimeikis,A"]
[Result "0-1"]
[WhiteElo "1995"]
[BlackElo "2071"]

1.d4 d5 2.Nf3 Nf6 3.c4 e6 4.Nc3 Be7 5.Bf4 O-O 6.e3 Nbd7 7.Rc1 c6 8.Bd3 dxc4
9.Bxc4 Nd5 10.Bg3 N7f6 11.Qe2 b6 12.e4 Nxc3 13.bxc3 Bb7 14.O-O Re8 15.Bd3 Qc8
16.e5 Nd5 17.Qe4 g6 18.Bh4 Bf8 19.c4 Nb4 20.Bb1 c5 21.Qf4 cxd4 22.Nxd4 a6
23.a3 Nc6 24.Nb5 axb5 25.cxb5 Ra5 26.bxc6 Bxc6 27.Rc3 Qb7 28.Rfc1 Rc5 29.f3 Ra8
30.Bf2 Rxc3 31.Rxc3 Bxa3 32.Rb3 b5 33.h4 Be7 34.h5 Bd5 35.hxg6 hxg6 36.Rb2 Ra1
37.Qd4 Ba3 38.Rb3 Bxb3 39.Qxa1 b4 40.Qd4 Bd5 41.Qh4 Qc7 42.Qf6 b3 43.Bh4 Bf8
44.Qg5 b2  0-1

[Event "TCh-ESP CECLUB Div Honor 2011"]
[Site "Melilla ESP"]
[Date "2011.11.25"]
[Round "6"]
[White "Vallejo Pons,F"]
[Black "Sargissian,G"]
[Result "1/2-1/2"]
[WhiteElo "2705"]
[BlackElo "2671"]

1.Nf3 d5 2.d4 Nf6 3.c4 e6 4.Nc3 Be7 5.Bf4 O-O 6.a3 b6 7.e3 c5 8.dxc5 bxc5
9.Qc2 Bb7 10.Rd1 Nbd7 11.Be2 Qb6 12.O-O Rfd8 13.h3 h6 14.cxd5 Nxd5 15.Bg3 Nxc3
16.Qxc3 Qc6 17.Rfe1 Bf6 18.Qc2 Nb6 19.b3 a5 20.Rc1 Rac8 21.Bf1 a4 22.Ne5 Qd5
23.bxa4 Bxe5 24.Red1 Qc6 25.Bxe5 Nxa4 26.Qc4 Rxd1 27.Rxd1 Qe4 28.Qxe4 Bxe4
29.Bb5 Bc6 30.Bxc6 Rxc6 31.Rd8+ Kh7 32.Ra8 c4 33.Rxa4 c3 34.g4 c2 35.Bb2 c1=Q+
36.Bxc1 Rxc1+ 37.Kg2 g5 38.Ra8 Ra1 39.a4 h5 40.gxh5 Kh6 41.Rh8+ Kg7 42.Ra8 Kh6
43.Ra7 f5 44.a5 e5 45.a6 Kxh5 46.Ra8 Kg6 47.a7 Kg7 48.f3 Ra2+ 49.Kf1 Ra1+
50.Ke2 Ra2+ 51.Ke1 Ra1+ 52.Kd2 Ra2+ 53.Kd1 Ra1+ 54.Ke2 Ra2+ 55.Kf1 Ra1+ 56.Kg2 Ra2+
57.Kg1 Ra1+ 58.Kh2 Ra2+ 59.Kg3 Ra3 60.h4 f4+ 61.Kg2 fxe3 62.hxg5 e2 63.Kf2 Rxf3+
64.Kxf3 e1=Q 65.Rg8+ Kxg8 66.a8=Q+ Kg7 67.Qb7+ Kg6 68.Qe4+ Qxe4+ 69.Kxe4 Kxg5
70.Kxe5  1/2-1/2